[Event "Taastrup Quick Weekend 13th B3"]
[Site "Taastrup"]
[Date "2011.04.03"]
[Round "4"]
[White "Hellum, Oliver"]
[Black "Lindballe, Henrik"]
[Result "1-0"]
[WhiteElo "1450"]
[BlackElo "1283"]
[PlyCount "81"]
[EventDate "2011.04.01"]
[EventType "tourn"]
[EventRounds "5"]
[EventCountry "DEN"]
[SourceTitle "EXT 2023"]
[Source "ChessBase"]
[SourceDate "2022.10.05"]
[SourceVersion "1"]
[SourceVersionDate "2022.10.05"]
[SourceQuality "1"]

1. d4 d5 2. c4 dxc4 3. e3 e6 4. Bxc4 Nf6 5. Nf3 Be7 6. 0-0 Nbd7 7. Nc3 Nb6 8. Bd3 a6 9. Bd2 Bd7 10. Rc1 Bc6 11. Re1 Nbd5 12. e4 Nxc3 13. Bxc3 Bb5 14. Bc2 Rc8 15. a4 Bc6 16. h3 b5 17. axb5 Bxb5 18. Ba4 0-0 19. Bc2 Re8 20. Bb1 c5 21. Qc2 Qd7 22. e5 g6 23. exf6 Bxf6 24. Qd2 Kg7 25. dxc5 Qe7 26. Bxf6+ Qxf6 27. Qd4 Bc6 28. Qxf6+ Kxf6 29. Bd3 a5 30. Be4 Bb5 31. Bb7 Rc7 32. c6 a4 33. Rc5 Bd3 34. Rd1 Be4 35. Rd7 Re7 36. Rxe7 Kxe7 37. Nd4 Bd3 38. Rc3 e5 39. Rxd3 exd4 40. Rxd4 Ke6 41. Rxa4 1-0

[Event "Taastrup Quick Weekend 13th B3"]
[Site "Taastrup"]
[Date "2011.04.03"]
[Round "5"]
[White "Lindballe, Henrik"]
[Black "Wadtland, Flemming"]
[Result "0-1"]
[WhiteElo "1283"]
[BlackElo "1484"]
[PlyCount "112"]
[EventDate "2011.04.01"]
[EventType "tourn"]
[EventRounds "5"]
[EventCountry "DEN"]
[SourceTitle "EXT 2023"]
[Source "ChessBase"]
[SourceDate "2022.10.05"]
[SourceVersion "1"]
[SourceVersionDate "2022.10.05"]
[SourceQuality "1"]

1. e4 e5 2. Nf3 d6 3. Be2 Nf6 4. d3 c6 5. Nc3 Nbd7 6. Bg5 h6 7. Bh4 Be7 8. 0-0 b5 9. Bg3 b4 10. Nb1 Nh5 11. Nbd2 Nxg3 12. fxg3 d5 13. Kh1 Qc7 14. Nb3 0-0 15. Rc1 a5 16. Nbd2 Bc5 17. Nb3 Be3 18. Nbd2 dxe4 19. dxe4 Nf6 20. Bd3 Ng4 21. Qe2 Qb6 22. h3 Bxd2 23. Qxd2 Nf6 24. Nxe5 Rd8 25. Rce1 Ba6 26. Rf3 Rd6 27. b3 Qd4 28. Nc4 Bxc4 29. bxc4 Nxe4 30. Qe3 Qxe3 31. Rfxe3 Nf6 32. R1e2 c5 33. Re7 g6 34. Rc7 a4 35. Rxc5 b3 36. cxb3 Rxd3 37. b4 Rd1+ 38. Kh2 Rad8 39. b5 Rb1 40. Rc6 Kg7 41. Rf2 Rdd1 42. g4 Rh1+ 43. Kg3 Ne4+ 44. Kf3 Nxf2 45. Ra6 Nd3 46. Rxa4 Nc5 47. Ra8 Rhc1 48. a4 Rxc4 49. a5 Rxb5 50. a6 Ra5 51. a7 Ra3+ 52. Kf2 Ne4+ 53. Kg1 Kf6 54. Kh2 Ra2 55. Kg1 Rcc2 56. Kf1 Ra1# 0-1

[Event "Taastrup Quick Weekend 10th B3"]
[Site "Taastrup"]
[Date "2009.10.04"]
[Round "4"]
[White "Meldal, Peter"]
[Black "Lindballe, Henrik"]
[Result "1-0"]
[WhiteElo "1355"]
[BlackElo "1307"]
[PlyCount "85"]
[EventDate "2009.10.02"]
[EventType "tourn"]
[EventRounds "5"]
[EventCountry "DEN"]
[SourceTitle "EXT 2023"]
[Source "ChessBase"]
[SourceDate "2022.10.05"]
[SourceVersion "1"]
[SourceVersionDate "2022.10.05"]
[SourceQuality "1"]

1. e4 d5 2. e5 Nc6 3. d4 Bf5 4. Nf3 h6 5. c4 e6 6. cxd5 Qxd5 7. Nc3 Qd8 8. a3 Nge7 9. Be3 Nd5 10. Nxd5 Qxd5 11. Be2 Be7 12. 0-0 0-0 13. b3 Na5 14. Nd2 Rfc8 15. b4 Nc6 16. Bf3 Qd7 17. b5 Nxd4 18. Bxd4 Qxd4 19. Bxb7 Qxe5 20. Bxa8 Rxa8 21. a4 Qd5 22. Qf3 Qd8 23. Rad1 Bc2 24. Nc4 Bxd1 25. Rxd1 Qc8 26. Ne5 f6 27. Ng6 Kf7 28. Qh5 Bd6 29. Nh8+ Kg8 30. Ng6 Qe8 31. Qf3 Rb8 32. Nf4 Bxf4 33. Qxf4 e5 34. Qc4+ Qf7 35. Qxf7+ Kxf7 36. Rd7+ Ke6 37. Rxc7 Ra8 38. Rxg7 Kd5 39. Rg6 Rf8 40. Rxh6 Rc8 41. h4 Ke6 42. h5 Rc4 43. a5 1-0

[Event "Taastrup Quick Weekend 10th B3"]
[Site "Taastrup"]
[Date "2009.10.02"]
[Round "1"]
[White "Andersen, Troels Baekgaard"]
[Black "Lindballe, Henrik"]
[Result "1/2-1/2"]
[WhiteElo "1266"]
[BlackElo "1307"]
[PlyCount "119"]
[EventDate "2009.10.02"]
[EventType "tourn"]
[EventRounds "5"]
[EventCountry "DEN"]
[SourceTitle "EXT 2023"]
[Source "ChessBase"]
[SourceDate "2022.10.05"]
[SourceVersion "1"]
[SourceVersionDate "2022.10.05"]
[SourceQuality "1"]

1. d4 d5 2. c4 dxc4 3. e4 Nf6 4. Nc3 e6 5. Bg5 Be7 6. Bxc4 Nbd7 7. Nf3 Nb6 8. Bb3 c6 9. 0-0 Ng4 10. Bxe7 Qxe7 11. Re1 0-0 12. Qc2 e5 13. Rad1 exd4 14. Nxd4 Qd6 15. Nf3 Qe7 16. Qe2 Ne5 17. Nxe5 Qxe5 18. Qf3 Be6 19. Bxe6 Qxe6 20. Qf4 f6 21. Rd6 Qe7 22. b3 Rad8 23. Red1 Rxd6 24. Qxd6 Qxd6 25. Rxd6 Kf7 26. f3 Ke7 27. Rd3 Rc8 28. Kf2 Nd7 29. Ke3 Nc5 30. Rd2 Ne6 31. h4 b5 32. g4 h6 33. Ne2 a5 34. Rc2 g5 35. hxg5 hxg5 36. Nd4 Nxd4 37. Kxd4 Kd6 38. Rc5 Rd8 39. Rf5 Ke6+ 40. Kc3 Rd1 41. f4 gxf4 42. Rxf4 Rg1 43. Kd3 Rg2 44. a4 Rg3+ 45. Kc2 bxa4 46. bxa4 Ra3 47. e5 Kxe5 48. Rf5+ Kd4 49. Rxa5 Kc4 50. Rf5 Ra2+ 51. Kb1 Rg2 52. Rxf6 c5 53. Rf4+ Kb3 54. Kc1 Ra2 55. g5 Rg2 56. Rf5 c4 57. a5 c3 58. Rb5+ Ka4 59. Rb1 Kxa5 60. Rb3 1/2-1/2

[Event "Taastrup Quick Weekend 8th E"]
[Site "Taastrup"]
[Date "2008.10.26"]
[Round "4"]
[White "Lindballe, Henrik"]
[Black "Wadtland, Flemming"]
[Result "1-0"]
[WhiteElo "1314"]
[BlackElo "1137"]
[PlyCount "75"]
[EventDate "2008.10.24"]
[EventType "swiss"]
[EventRounds "5"]
[EventCountry "DEN"]
[SourceTitle "EXT 2023"]
[Source "ChessBase"]
[SourceDate "2022.10.05"]
[SourceVersion "1"]
[SourceVersionDate "2022.10.05"]
[SourceQuality "1"]

1. e4 c6 2. Nc3 d5 3. d4 g6 4. Be2 Nh6 5. Nf3 f6 6. Bf4 a6 7. Qd2 Nf7 8. h3 b5 9. e5 Bg7 10. 0-0 0-0 11. a4 b4 12. Na2 a5 13. Nc1 g5 14. exf6 exf6 15. Bg3 Bh6 16. Qd3 Re8 17. Nb3 Ba6 18. Qf5 Rxe2 19. Rfe1 Rxe1+ 20. Rxe1 Bc8 21. Qd3 Nd7 22. Nh2 Qf8 23. Qe2 Ba6 24. Qg4 Re8 25. Rb1 Bc8 26. Qd1 f5 27. f3 Ba6 28. Ra1 Be2 29. Qb1 f4 30. Bf2 Ra8 31. Qe1 Re8 32. Qd2 Nb6 33. Nc5 Nc4 34. Qc1 Qe7 35. b3 Na3 36. Qd2 Qd8 37. Rc1 Nd6 38. Ra1 1-0

[Event "Taastrup Quick Weekend 8th E"]
[Site "Taastrup"]
[Date "2008.10.25"]
[Round "2"]
[White "Lindballe, Henrik"]
[Black "Anker, Andy S"]
[Result "1/2-1/2"]
[WhiteElo "1314"]
[BlackElo "1023"]
[PlyCount "57"]
[EventDate "2008.10.24"]
[EventType "swiss"]
[EventRounds "5"]
[EventCountry "DEN"]
[SourceTitle "EXT 2023"]
[Source "ChessBase"]
[SourceDate "2022.10.05"]
[SourceVersion "1"]
[SourceVersionDate "2022.10.05"]
[SourceQuality "1"]

1. e4 c5 2. Nc3 e5 3. Nf3 Nc6 4. Bb5 d6 5. d3 h6 6. Be3 Nf6 7. a3 a6 8. Bc4 Nd4 9. h3 Qb6 10. Rb1 Be6 11. Nd5 Bxd5 12. Bxd5 Be7 13. Nd2 Qc7 14. c3 Ne6 15. Qa4+ b5 16. Qb3 Nxd5 17. Qxd5 0-0 18. Qb3 Rab8 19. 0-0 a5 20. Qd1 b4 21. c4 bxa3 22. bxa3 Rxb1 23. Nxb1 Rb8 24. a4 Bg5 25. Bxg5 Nxg5 26. Nc3 Qd7 27. Nb5 Ne6 28. Qd2 Ra8 29. Rb1 1/2-1/2

[Event "Taastrup Quick Weekend 8th E"]
[Site "Taastrup"]
[Date "2008.10.24"]
[Round "1"]
[White "Lindballe, Henrik"]
[Black "Zmylon, Frederik Nielsen"]
[Result "1-0"]
[WhiteElo "1314"]
[BlackElo "1367"]
[PlyCount "76"]
[EventDate "2008.10.24"]
[EventType "swiss"]
[EventRounds "5"]
[EventCountry "DEN"]
[SourceTitle "EXT 2023"]
[Source "ChessBase"]
[SourceDate "2022.10.05"]
[SourceVersion "1"]
[SourceVersionDate "2022.10.05"]
[SourceQuality "1"]

1. e4 c5 2. Nc3 Nc6 3. Nf3 d6 4. d4 cxd4 5. Nxd4 Nf6 6. Be3 e6 7. Bb5 Bd7 8. 0-0 Be7 9. f4 0-0 10. Qf3 a6 11. Ba4 Rc8 12. Nxc6 Bxc6 13. Bxc6 Rxc6 14. Rfd1 Qc7 15. Bf2 Rd8 16. Rd3 d5 17. exd5 Nxd5 18. Nxd5 Rxd5 19. c3 Rxd3 20. Qxd3 Qxf4 21. Bg3 Qf6 22. Rd1 h6 23. Qd7 Rb6 24. Rf1 Bc5+ 25. Bf2 Qg5 26. Qc8+ Kh7 27. Qxc5 Qxc5 28. Bxc5 Rxb2 29. Rxf7 b6 30. Bd4 Rxa2 31. Rxg7+ Kh8 32. Re7+ Kg8 33. Bxb6 a5 34. Rxe6 a4 35. Bc5 a3 36. Re8+ Kf7 37. Ra8 Ra1+ 38. Kf2 a2 1-0

[Event "Taastrup Quick Weekend 4th C"]
[Site "Taastrup"]
[Date "2006.10.29"]
[Round "4"]
[White "Lindballe, Henrik"]
[Black "Nicolajsen, Mikkel"]
[Result "0-1"]
[WhiteElo "1171"]
[BlackElo "1111"]
[PlyCount "100"]
[EventDate "2006.10.27"]
[EventType "swiss"]
[EventRounds "5"]
[EventCountry "DEN"]
[SourceTitle "EXT 2023"]
[Source "ChessBase"]
[SourceDate "2022.10.05"]
[SourceVersion "1"]
[SourceVersionDate "2022.10.05"]
[SourceQuality "1"]

1. e4 c5 2. Nf3 Nc6 3. Nc3 g6 4. b3 Bg7 5. Bb2 e6 6. Be2 a6 7. 0-0 b5 8. a3 Bb7 9. Rb1 Nge7 10. Na2 Bxb2 11. Rxb2 Qc7 12. Qb1 0-0-0 13. Rd1 d5 14. exd5 exd5 15. d4 cxd4 16. Nxd4 Rhe8 17. Nb4 Nxd4 18. Rxd4 Nf5 19. Bg4 Qe5 20. Rd1 Re7 21. Nd3 Qd4 22. Nc5 Qxg4 23. Nxb7 Kxb7 24. a4 Nh4 25. g3 Rde8 26. Rf1 Nf3+ 27. Kg2 Nd2 28. Qd1 Qe4+ 29. f3 Qe2+ 30. Qxe2 Rxe2+ 31. Rf2 d4 32. axb5 axb5 33. Ra2 f5 34. Ra1 R8e3 35. Rd1 Rxf2+ 36. Kxf2 Nxf3 37. Kg2 Ne1+ 38. Kf2 Nxc2 39. Rb1 Kc6 40. Rb2 d3 41. Rb1 Kc5 42. Rd1 Kd4 43. Rd2 Kc3 44. Rd1 g5 45. b4 g4 46. Rb1 Re2+ 47. Kf1 Ne3+ 48. Kg1 d2 49. Kh1 d1Q+ 50. Rxd1 Nxd1 0-1

[Event "Taastrup Quick Weekend 4th C"]
[Site "Taastrup"]
[Date "2006.10.27"]
[Round "1"]
[White "Zmylon, Frederik Nielsen"]
[Black "Lindballe, Henrik"]
[Result "0-1"]
[WhiteElo "1036"]
[BlackElo "1171"]
[PlyCount "64"]
[EventDate "2006.10.27"]
[EventType "swiss"]
[EventRounds "5"]
[EventCountry "DEN"]
[SourceTitle "EXT 2023"]
[Source "ChessBase"]
[SourceDate "2022.10.05"]
[SourceVersion "1"]
[SourceVersionDate "2022.10.05"]
[SourceQuality "1"]

1. e4 d5 2. Bd3 dxe4 3. Bxe4 Nf6 4. Bf3 e6 5. d3 Bd6 6. Bg5 Nc6 7. Nc3 Be5 8. Nge2 Bxc3+ 9. Nxc3 Qd6 10. 0-0 Bd7 11. Qd2 Nd4 12. Bxb7 Rb8 13. Bf4 Qe7 14. Ba6 Rxb2 15. Bxc7 Rxc2 16. Qe1 Rxc3 17. Qxc3 Ne2+ 18. Kh1 Nxc3 19. Rfc1 Nfd5 20. Ba5 Qc5 21. Bxc3 Nxc3 22. Rab1 0-0 23. Rb2 Qa3 24. Rcc2 Qxa6 25. Rxc3 h6 26. h3 Kh7 27. Kh2 Rc8 28. Rcb3 Qd6+ 29. g3 Bc6 30. Rc3 Qd5 31. f3 Qxf3 32. Rg2 Qxg2# 0-1

[Event "Taastrup Quick Weekend 3rd D"]
[Site "Taastrup"]
[Date "2006.04.03"]
[Round "5"]
[White "Lindballe, Henrik"]
[Black "Zmylon, Frederik Nielsen"]
[Result "1-0"]
[WhiteElo "1110"]
[BlackElo "1016"]
[PlyCount "65"]
[EventDate "2006.04.02"]
[EventType "tourn"]
[EventRounds "5"]
[EventCountry "DEN"]
[SourceTitle "EXT 2023"]
[Source "ChessBase"]
[SourceDate "2022.10.05"]
[SourceVersion "1"]
[SourceVersionDate "2022.10.05"]
[SourceQuality "1"]

1. e4 c5 2. Nc3 Nf6 3. Nf3 d5 4. exd5 Nxd5 5. d4 Nxc3 6. bxc3 cxd4 7. cxd4 g6 8. Bd3 Bg7 9. Be3 Nc6 10. c3 0-0 11. 0-0 e5 12. Be2 e4 13. Nd2 Bf5 14. f3 exf3 15. Nxf3 Re8 16. Bg5 f6 17. Bh4 Bh6 18. Kh1 Bg5 19. Bg3 Re3 20. Nxg5 fxg5 21. Qb3+ Be6 22. Qc2 Bf5 23. Qd2 Re7 24. Bc4+ Kg7 25. Qxg5 Re1 26. Qxd8 Rxf1+ 27. Rxf1 Rxd8 28. Re1 a6 29. d5 Na7 30. Re7+ Kg8 31. d6+ Kf8 32. Be5 Nc6 33. Bg7# 1-0

[Event "Taastrup Quick Weekend 3rd D"]
[Site "Taastrup"]
[Date "2006.04.02"]
[Round "1"]
[White "Pedersen, Bjarne GW"]
[Black "Lindballe, Henrik"]
[Result "1-0"]
[WhiteElo "1072"]
[BlackElo "1110"]
[PlyCount "103"]
[EventDate "2006.04.02"]
[EventType "tourn"]
[EventRounds "5"]
[EventCountry "DEN"]
[SourceTitle "EXT 2023"]
[Source "ChessBase"]
[SourceDate "2022.10.05"]
[SourceVersion "1"]
[SourceVersionDate "2022.10.05"]
[SourceQuality "1"]

1. d4 d5 2. Nf3 Nf6 3. c4 e6 4. cxd5 Nxd5 5. e4 Nf6 6. Bd3 Bb4+ 7. Nc3 0-0 8. e5 Nd5 9. Bd2 Nd7 10. 0-0 c5 11. a3 Bxc3 12. bxc3 Qe7 13. c4 N5b6 14. dxc5 Nxc5 15. Qe2 Nxd3 16. Qxd3 a5 17. Rfc1 Qc5 18. Be3 Qc6 19. Qd6 Ra6 20. Qxc6 bxc6 21. a4 Nd7 22. Rab1 f6 23. Bd4 f5 24. Ng5 Re8 25. Rb3 c5 26. Bb2 Nb6 27. Ra3 Bd7 28. Rh3 h6 29. Nf3 Nxa4 30. Ba3 Rb6 31. Nd2 Reb8 32. Rd3 R6b7 33. h3 Kf7 34. Nb3 Be8 35. Nxc5 Nxc5 36. Bxc5 a4 37. Ba3 Rb3 38. Rcc3 Rxc3 39. Rxc3 Rb3 40. Rxb3 axb3 41. Bb2 Ba4 42. Kf1 Ke7 43. Ke2 Bc6 44. f3 Kf7 45. Kd3 f4 46. Kc3 Ba4 47. Kb4 g5 48. Kxa4 Kg6 49. c5 Kf5 50. c6 h5 51. c7 g4 52. h4 1-0

[Event "Taastrup Quick Weekend 1st C"]
[Site "Taastrup"]
[Date "2005.04.10"]
[Round "4"]
[White "Lindballe, Henrik"]
[Black "Capion, Jens"]
[Result "0-1"]
[WhiteElo "1105"]
[BlackElo "1048"]
[PlyCount "116"]
[EventDate "2005.04.08"]
[EventType "swiss"]
[EventRounds "5"]
[EventCountry "DEN"]
[SourceTitle "EXT 2023"]
[Source "ChessBase"]
[SourceDate "2022.10.05"]
[SourceVersion "1"]
[SourceVersionDate "2022.10.05"]
[SourceQuality "1"]

1. e4 e5 2. Nf3 Nc6 3. Bb5 Nf6 4. d3 a6 5. Bxc6 dxc6 6. Nc3 Bd6 7. Be3 Bg4 8. h3 Bxf3 9. Qxf3 0-0 10. 0-0 b5 11. Bg5 Be7 12. Qf5 g6 13. Qxe5 Re8 14. Qf4 Qd6 15. Qxd6 cxd6 16. Rae1 Nh5 17. Bh6 Bf8 18. Bg5 h6 19. Bh4 g5 20. Bg3 Nxg3 21. fxg3 Bg7 22. h4 Bd4+ 23. Kh1 Be5 24. hxg5 Bxg3 25. Re3 b4 26. Nd1 Be5 27. gxh6 Ra7 28. Rf5 Re6 29. Rh3 Kh7 30. b3 Rxh6 31. Rxh6+ Kxh6 32. Nf2 Kg6 33. Ng4 f6 34. Nxe5+ dxe5 35. Rf3 Rh7+ 36. Rh3 c5 37. Kh2 Rh5 38. Kg3 Kg5 39. Kf3 Rh4 40. Rxh4 Kxh4 41. Ke3 Kg4 42. Kd2 Kf4 43. g3+ Kf3 44. g4 a5 45. c3 Kf4 46. cxb4 axb4 47. Ke2 Kxg4 48. Ke3 f5 49. exf5 Kxf5 50. Kf3 Ke6 51. Ke4 Kd6 52. Ke3 Kd5 53. Kd2 Kd4 54. Kc2 Ke3 55. Kd1 Kxd3 56. Kc1 e4 57. Kd1 e3 58. Ke1 e2 0-1